7 Disc tractors used by farmers in thmor korl district, battambang province, ការប្រើប្រាស់ត្រាក់ទ័រនង្គ័លថាស ៧ របស់ប្រជាកសិករ ក្នុងស្រុកថ្មគោល ខេត្តបាត់ដំបង. (Record no. 4299)

000 -LEADER
fixed length control field 00691nam a22001337a 4500
040 ## - CATALOGING SOURCE
Transcribing agency RUA
082 ## - DEWEY DECIMAL CLASSIFICATION NUMBER
Classification number ATM HUT 2012 B199 Or.1
100 ## - MAIN ENTRY--AUTHOR NAME
Personal name HUT PHALLY; ហ៊ុត ផល្លី.
245 ## - TITLE STATEMENT
Title 7 Disc tractors used by farmers in thmor korl district, battambang province, ការប្រើប្រាស់ត្រាក់ទ័រនង្គ័លថាស ៧ របស់ប្រជាកសិករ ក្នុងស្រុកថ្មគោល ខេត្តបាត់ដំបង.
260 ## - PUBLICATION, DISTRIBUTION, ETC. (IMPRINT)
Place of publication Phnom Penh
Name of publisher RUA
Year of publication 2012
300 ## - PHYSICAL DESCRIPTION
Number of Pages x; 42p.
Other physical details ill.
Dimensions 29cm.
856 ## - ELECTRONIC LOCATION AND ACCESS
Uniform Resource Identifier https://drive.google.com/file/d/1vo_qvf0FFOPQLR1yC3M-Di_Gr_nx314z/view?usp=sharing
942 ## - ADDED ENTRY ELEMENTS (KOHA)
Koha item type ATM
952 ## - LOCATION AND ITEM INFORMATION (KOHA)
Withdrawn status [LOCAL, KOHA] 0
952 ## - LOCATION AND ITEM INFORMATION (KOHA)
Withdrawn status [LOCAL, KOHA] 0
952 ## - LOCATION AND ITEM INFORMATION (KOHA)
Withdrawn status [LOCAL, KOHA] 0
952 ## - LOCATION AND ITEM INFORMATION (KOHA)
Withdrawn status [LOCAL, KOHA] 0
952 ## - LOCATION AND ITEM INFORMATION (KOHA)
Withdrawn status [LOCAL, KOHA] 0
952 ## - LOCATION AND ITEM INFORMATION (KOHA)
Withdrawn status [LOCAL, KOHA] 0
952 ## - LOCATION AND ITEM INFORMATION (KOHA)
Withdrawn status [LOCAL, KOHA] 0
952 ## - LOCATION AND ITEM INFORMATION (KOHA)
Withdrawn status [LOCAL, KOHA] 0
952 ## - LOCATION AND ITEM INFORMATION (KOHA)
Withdrawn status [LOCAL, KOHA] 0
Holdings
Permanent Location Date acquired Koha item type Lost status Shelving location Barcode Current Location Full call number
Library Block B2015-12-09ATM B199RUA033526Library Block BATM HUT 2012 B199 Or.1
Library Block B2015-12-09ATM B199RUA033399Library Block BATM HUT 2012 B199 Or.2
Library Block B2015-12-09ATM B199RUA033446Library Block BATM HUT 2012 B199 Or.3
Library Block B2015-12-09ATM B199RUA033403Library Block BATM HUT 2012 B199 Or.4
Library Block B2015-12-09ATM B199RUA033647Library Block BATM HUT 2012 B199 Or.5
Library Block B2015-12-09ATM B199RUA033616Library Block BATM HUT 2012 B199 Or.6
Library Block B2015-12-09ATM B199RUA033396Library Block BATM HUT 2012 B199 Or.7
Library Block B2015-12-09ATM B199RUA033587Library Block BATM HUT 2012 B199 Or.8
Library Block B2019-02-15ATM B1.218A35925Library Block BATM HUT 2012 B1.218 Or.1
មជ្ឈមណ្ឌលឯការនៃសាកលវិទ្យាល័យភូមិន្ទកសិកម្មចំការដូង

Powered by Koha